Films By Letter - A - Statistics

General Stats
  • This quiz has been taken 69 times
  • The average score is 9 of 16
Answer Stats
Hint Answer % Correct
Chest burster. Sigourney Weaver. Alien
95%
Space disaster. Tom Hanks. Apollo 13
85%
Eccentric detective. Jim Carrey. Ace Ventura: Pet Detective
83%
Disaster film parody. Leslie Nielsen. Airplane!
74%
Smell of Napalm. Marlon Brando. Apocalypse Now
73%
Pandora. Sam Worthington. Avatar
67%
Howard Hughes. Leonardo Di Caprio. The Aviator
65%
Classical music. Tom Hulce. Amadeus
55%
Iran Hostage Crisis. Ben Affleck. Argo
55%
Ultra Violence. Malcolm McDowell. A Clockwork Orange
52%
Up and down relationship. Diane Keaton. Annie Hall
45%
Watergate scandal. Robert Redford. All the President's Men
42%
Slave ship revolt. Anthony Hopkins. Amistad
36%
Airplane disaster. Burt Lancaster. Airport
32%
Sleep paralysis. Robert De Niro. Awakenings
29%
Cruising in Modesto. Richard Dreyfuss. American Graffiti
17%
No matching quizzes found
Score Distribution
Percent of People with Each Score
Percentile by Number Answered
Your Score History
You have not taken this quiz